000 00500cam a2200193ua 4500
001 1784
008 110811n ii |||gr||||Z||||||eng
020 _a81-7663-345-3
040 _cMAIN
082 _a370
100 _aBhatia, K. K.,
_eAuthor.
245 1 _aPrinciples & practice of education
_cby K. K. Bhatia
250 _a3rd.
260 _aLudhiana:
_bKalyani Publishers,
_c2003.
300 _a160p:
_c23cm.
653 _aEducation
653 _aPrinciples & practice of education
942 _cBK
999 _c1668
_d1668